English Today / (Record no. 9278)
[ view plain ]
| 000 -LEADER | |
|---|---|
| fixed length control field | 00505nam a22002057a 4500 |
| 003 - CONTROL NUMBER IDENTIFIER | |
| JCCL marc code | OSt |
| 005 - DATE AND TIME OF LATEST TRANSACTION | |
| control field | 20180312133046.0 |
| 008 - FIXED-LENGTH DATA ELEMENTS--GENERAL INFORMATION | |
| fixed length control field | 180312b1961 uk ||||| |||| 00| 0 eng d |
| 035 ## - SYSTEM CONTROL NUMBER | |
| system control number | (BD-JhCC) |
| 040 ## - CATALOGING SOURCE | |
| Original cataloging agency | BD-JhCC |
| Modifying agency | BD-JhCC |
| 041 ## - LANGUAGE CODE | |
| Language code of Book | eng |
| 082 ## - DEWEY DECIMAL CLASSIFICATION NUMBER | |
| Classification number | 428 |
| Author mark and Year | RID 1961 |
| 100 ## - MAIN ENTRY--PERSONAL NAME | |
| Personal name | Ridout, Ronald |
| 245 ## - TITLE STATEMENT | |
| Title | English Today / |
| Statement of responsibility, etc | Ronald Ridout |
| 260 ## - PUBLICATION, DISTRIBUTION, ETC. (IMPRINT) | |
| Place of publication, distribution, etc | London : |
| Name of publisher, distributor, etc | Ginn and Company Ltd |
| Date of publication, distribution, etc | 1961. |
| 300 ## - PHYSICAL DESCRIPTION | |
| Pagination | 255 p. : |
| Dimensions | 18 cm. |
| 650 ## - SUBJECT ADDED ENTRY--TOPICAL TERM | |
| Topical term or geographic name as entry element | English Langeage |
| 942 ## - ADDED ENTRY ELEMENTS (KOHA) | |
| Source of classification or shelving scheme | Dewey Decimal Classification |
| Koha item type | Books |
No items available.